00643nam a22001697a 4500003000400000005001700004008004100021040001800062100002500080245016600105260002300271650006300294650002500357650003700382700002700419856002700446OSt20240902140147.0240828b ||||| |||| 00| 0 eng d cAIMIT LIBRARY aN, Aswathi.e2216033 aStudy on the impact of social media advertising on consumer purchase intention of puma products and consumer behaviour /cBy Aswathi N ; Guided by Rowena Wright. aMangalore ;c2024. aIndustry profile company profile and introduction to study aReview of literature aData analysis and interpretation aWright, Rowena.eGuide 3Puma Bhawar Lifestyle